Największe pod względem powierzchni państwa UE - Statystyki

Ogólne statystyki
  • Ten quiz został rozwiązany 26 razy
  • Średni wynik to 11 z 12
Statystyki odpowiedzi
Powierzchna (km²) Państwo % Poprawnych
632.786 Francja
100%
504.030 Hiszpania
100%
357.386 Niemcy
100%
312.685 Polska
100%
301.338 Włochy
100%
338.424 Finlandia
95%
131.990 Grecja
95%
238.391 Rumunia
95%
449.964 Szwecja
95%
110.994 Bułgaria
90%
92.212 Portugalia
90%
93.030 Węgry
81%
Nie znaleziono quizów pasujących do podanych kryteriów
Rozkład punktacji
Procent ludzi z każdym wynikiem
Percentyl według liczby udzielonych odpowiedzi
Twoja historia wyników
Nie rozwiązałeś tego quizu